| 000 | 00517nam a22001697a 4500 | ||
|---|---|---|---|
| 005 | 20231117095758.0 | ||
| 008 | 231117b |||||||| |||| 00| 0 eng d | ||
| 020 | _a0409013528 ; 0409013536 | ||
| 041 | _aEnglish | ||
| 082 | _a343.4 BRO | ||
| 100 |
_aBroomberg, EB _lEnglish |
||
| 245 |
_aTax Strategy / _cEB Broomberg |
||
| 260 |
_aDurban : _bButterworth and Company (Pty) Ltd, _c1978 |
||
| 300 |
_bxxii, 240 pages ; _c26 cm. |
||
| 650 |
_aLegal practice _bLaw |
||
| 942 |
_cBK _6ALISON_BN_VRIES |
||
| 999 |
_c760 _d760 |
||